Vplyv vybraných faktorov na pracovnú intenzitu slovenských domácností
Charakteristika pojmu intenzita práce. Opis a kvantifikácia vplyvu vybraných faktorov na pracovnú intenzitu domácností, ktorá je jedným z indikátorov trhu práce a tiež chudoby. Analýza uskutočnená na kategorizovaných údajoch získaných z databázy EU-SILC 2015.
Saved in:
| Main Author: | |
|---|---|
| Format: | Book Chapter |
| Language: | Slovak |
| Subjects: | |
| Tags: |
No Tags, Be the first to tag this record!
|
MARC
| LEADER | 00000naa$a2200000$$$4500 | ||
|---|---|---|---|
| 001 | 0239042 | ||
| 005 | 20240502073853.8 | ||
| 041 | 0 | |a slo | |
| 044 | |a SK | ||
| 245 | 1 | 0 | |a Vplyv vybraných faktorov na pracovnú intenzitu slovenských domácností |c Mária Vojtková |
| 520 | |a Charakteristika pojmu intenzita práce. Opis a kvantifikácia vplyvu vybraných faktorov na pracovnú intenzitu domácností, ktorá je jedným z indikátorov trhu práce a tiež chudoby. Analýza uskutočnená na kategorizovaných údajoch získaných z databázy EU-SILC 2015. | ||
| 610 | 2 | 0 | |a práca |
| 610 | 2 | 0 | |a intenzita práce |
| 610 | 2 | 0 | |a chudoba |
| 610 | 2 | 0 | |a domácnosti |
| 610 | 2 | 0 | |a vek |
| 610 | 2 | 0 | |a vzdelanie |
| 610 | 2 | 0 | |a urbanizácia |
| 610 | 2 | 0 | |a kraje |
| 610 | 2 | 0 | |a muži |
| 610 | 2 | 0 | |a ženy |
| 610 | 2 | 0 | |a štatistika |
| 610 | 2 | 0 | |a Slovensko |
| 100 | 1 | |a Vojtková, Mária, 1966- | |